Похождения стальной крысы: пер. с англ.

Dades bibliogràfiques
Autor principal: Гаррисон Г. Гарри
Idioma:rus
Publicat: Рига, Полярис, 1993
Format: MixedMaterials Llibre
KOHA link:https://koha.lib.tpu.ru/cgi-bin/koha/opac-detail.pl?biblionumber=346161

MARC

LEADER 00000nam1a2200000 4500
001 346161
005 20231101035110.0
010 |a 588132028X 
035 |a (RuTPU)RU\TPU\book\378022 
090 |a 346161 
100 |a 20210622d1993 m y0rusy50 ca 
101 1 |a rus  |c eng 
102 |a LV 
200 1 |a Похождения стальной крысы  |e пер. с англ.  |f Г. Гаррисон 
210 |a Рига  |c Полярис  |d 1993 
700 1 |a Гаррисон  |b Г.  |g Гарри 
801 1 |a RU  |b 63413507  |c 20210622 
942 |c BK